000 00639nam a2200217 a 4500
001 BRCA_2509
005 20190320203838.0
008 251108s1949----enka---g##---#000-0#eng-u
041 _aeng
044 _aenk
050 4 _aNK4083
_b.H66 1949
100 1 _aHoney, William Bowyer
_97217
245 1 0 _aEuropean Ceramic Art
_bfrom the end of the Middle Ages to about 1815
_cWilliam Bowyer Honey.
260 _aLondres
_bFaber and Faber
_c1949
300 _a2 v.
_bil.
_c28 cm.
500 _aA2
505 0 _aContenido : v.1. Illustrated historical survey.
650 1 4 _aCerĂ¡mica
_xHistoria
_zEuropa
_91101
902 _aGFM
942 _2lcc
_cB
999 _c2250
_d2250